| 000 | 00818 a2200133 4500 | ||
|---|---|---|---|
| 020 | _a0080440177 | ||
| 082 | _a624.1821 CHA | ||
| 245 |
_aAdvances in steel structures [vol-2] / _bproceedings of the Third International Conference on Advances in Steel Structures, 9-11 December 2002, Hong Kong, China / _cedited by S.L. Chan, J.G. Teng, and K.F. Chung ; organized by Research Center for Advanced Technology in Structural Engineering, Department of Civil and Structural Engineering, The Hong Kong Polytechnic University ; sponsored by The Hong Kong Institution of Engineers, The Hong Kong Institution [sic] of Steel Construction. |
||
| 250 | _a1st. ed. | ||
| 260 |
_aAmsterdam ; _aBoston : _bElsevier, _cc2002. |
||
| 300 |
_a1215p. : _bill. ; _c25 cm. |
||
| 650 | _aBuilding, Iron and steel | ||
| 650 | _aStructural design | ||
| 650 | _aSteel, Structural | ||
| 999 |
_c1328 _d1328 |
||